[Event "Manila ol (Women)"]
[Site "Manila"]
[Date "1992.??.??"]
[Round "?"]
[White "Sheremetieva, Marina"]
[Black "Makropoulou, Marina"]
[Result "1-0"]
[WhiteElo "2195"]
[BlackElo "2305"]

1.e4 c5 2.Nf3 d6 3.Bb5+ Nd7 4.O-O Nf6 5.Re1 a6 6.Bf1 e6 7.c4 Ne5 8.Nc3 Be7
9.d3 O-O 10.h3 Qc7 11.Be3 Bd7 12.Rc1 b5 13.Nd2 b4 14.Ncb1 Qa5 15.f4 Nc6 16.Nb3 Qxa2
17.N1d2 Nd4 18.Ra1 Qxb2 19.Bxd4 cxd4 20.Re2 Nh5 21.Nf3 Qc3 22.Rea2 Nxf4 23.Rc1 a5
24.Nbxd4 Qxc1 25.Qxc1 e5 26.Nf5 Bxf5 27.exf5 a4 28.Nd2 b3 29.Ra1 Rfb8 30.Qd1 b2
31.Rxa4 Rxa4 32.Qxa4 b1=Q 33.Nxb1 Rxb1 34.Qe8+ Bf8 35.Kf2 Rb2+ 36.Kf3 Nh5
37.g3 h6 38.Bg2 Nf6 39.Qd8 Rb3 40.Ke3 Rb2 41.Bf3 Ra2 42.Be2 Ra7 43.g4 Nd7
44.Bf3 Nf6 45.h4 Rd7 46.Qc8 Re7 47.g5 hxg5 48.hxg5 Nh7 49.g6 Nf6 50.Bd5 Nxd5+
51.cxd5 Ra7 52.Qd8 Re7 53.Kf3 e4+ 54.dxe4 f6 55.Qxd6 Re8 56.Qh2  1-0

[Event "Manila ol (Women)"]
[Site "Manila"]
[Date "1992.??.??"]
[Round "?"]
[White "Sheremetieva, Marina"]
[Black "Brustman, Agnieszka"]
[Result "1-0"]
[WhiteElo "2195"]
[BlackElo "2325"]

1.e4 c5 2.Nf3 d6 3.Bb5+ Nc6 4.Bxc6+ bxc6 5.O-O e5 6.h3 Nf6 7.Re1 Be7 8.c3 O-O
9.d4 exd4 10.cxd4 d5 11.Nc3 dxe4 12.Nxe4 Nxe4 13.Rxe4 Bf6 14.Be3 Be6 15.Rc1 Bd5
16.Rg4 Bxf3 17.Qxf3 cxd4 18.Bh6 Re8 19.Rxc6 Re1+ 20.Kh2 Be5+ 21.Bf4 Bxf4+
22.Qxf4 g6 23.Rd6 Qa5 24.Rg5 Qxa2 25.Qxd4 Re2 26.Rb5 Qb1 27.Rb7 Rf8 28.Rd8 Ree8
29.Rxe8 Rxe8 30.Rxa7 Qf5 31.b4 Qb5 32.Ra5 Qb8+ 33.g3 Rd8 34.Qe4 Re8 35.Qc4 Qb6
36.Rc5 Qf6 37.Kg2 Kg7 38.b5 Rb8 39.Rc6 Qe5 40.b6 Qa5 41.Rc7 Qf5 42.b7 Qf6
43.Qd5 Rd8 44.Qc5 Qa6 45.Qe7 Rf8 46.Qxf8+  1-0

[Event "Manila ol (Women)"]
[Site "Manila"]
[Date "1992.??.??"]
[Round "?"]
[White "Segal, Anna"]
[Black "Madl, Ildiko"]
[Result "1/2-1/2"]
[WhiteElo "2190"]
[BlackElo "2375"]

1.e4 c5 2.Nf3 d6 3.Bb5+ Nc6 4.Bxc6+ bxc6 5.O-O e5 6.h3 Nf6 7.Re1 Be7 8.c3 O-O
9.d4 cxd4 10.cxd4 exd4 11.Nxd4 Bd7 12.Nc3 Rb8 13.Qf3 Re8 14.Bf4 Qb6 15.Rad1 Qxb2
16.e5 dxe5 17.Bxe5 Rbc8 18.Nb3 Be6 19.Nd4 Qb6 20.Nxe6 fxe6 21.Bxf6 Bxf6 22.Ne4 Rf8
23.Qg4 Bd4 24.Qxe6+ Kh8 25.Nd6 Bxf2+ 26.Kh1 Qc7 27.Ne8 Qb8 28.Rb1 Bb6 29.Nxg7 Qf4
30.Re4 Qg5 31.Rg4 Qf6 32.Qc4 Qe5 33.Ne6 Rf6 34.Re4 Qg3 35.Rg4 Qd6 36.Re1 Re8
37.Rge4 Rg8 38.Qc3 Qe7 39.Rf4 Rg6 40.Ng5 Qf8 41.Ne4 Ba5 42.Rxf6 Rxf6 43.Qxf6+ Qxf6
44.Nxf6 Bxe1 45.Nd7 Bb4 46.Kg1 Bd6 47.Kf2 Kg7 48.Ke3 Kf7 49.Kd4 Ke6 50.Nc5+ Kf5
51.Nd3 Ba3 52.Kc4 Ke4 53.g4 Kf3 54.g5 Bd6 55.Nc5 Be7 56.Ne6 Kg3 57.a4 a5
58.Kd3 Bd6 59.Nd4 Kxh3 60.Nxc6 Bc7 61.Ne7 Kg4 62.g6 hxg6 63.Nxg6  1/2-1/2

[Event "Manila ol (Women)"]
[Site "Manila"]
[Date "1992.??.??"]
[Round "?"]
[White "Makropoulou, Marina"]
[Black "Dekic, Biljana N"]
[Result "1-0"]
[WhiteElo "2305"]
[BlackElo "2135"]

1.e4 c5 2.Nf3 d6 3.Bb5+ Bd7 4.Bxd7+ Qxd7 5.O-O Nc6 6.c3 e6 7.d4 Nf6 8.Qe2 d5
9.e5 Ne4 10.Rd1 c4 11.Ne1 h6 12.f3 Ng5 13.h4 Nh7 14.b3 Be7 15.g3 O-O 16.bxc4 dxc4
17.Na3 Bxa3 18.Bxa3 Rfc8 19.Qxc4 Ne7 20.Qb3 Nf5 21.Kf2 Qc7 22.Rac1 Nf8 23.Ng2 b6
24.g4 Ne7 25.Bd6 Qb7 26.c4 Nc6 27.Ne3 Na5 28.Qd3 Nd7 29.Kg3 Qa6 30.Qa3 Qb7
31.Qd3 Qa6 32.f4 Nb7 33.Be7 Re8 34.Bb4 Rac8 35.Rc3 Nd8 36.Bd6 Qb7 37.f5 Nf8
38.Rf1 exf5 39.gxf5 Nc6 40.Kh2 Rcd8 41.d5 Rd7 42.Rg1 Nh7 43.f6  1-0

[Event "Manila ol (Women)"]
[Site "Manila"]
[Date "1992.??.??"]
[Round "?"]
[White "Lindri, Juni Wijayanti"]
[Black "Tazhieva, Lyazzat"]
[Result "0-1"]
[WhiteElo "2070"]
[BlackElo "2190"]

1.e4 c5 2.Nf3 d6 3.Bb5+ Nd7 4.a4 Nf6 5.Qe2 e6 6.c3 Qc7 7.O-O a6 8.Bc4 Ne5
9.Nxe5 dxe5 10.d3 Bd6 11.Bg5 Bd7 12.Nd2 O-O 13.Bb3 b5 14.Rfe1 Bc6 15.Kh1 Nd7
16.Qg4 Rfb8 17.a5 c4 18.Bc2 cxd3 19.Bxd3 Nf8 20.Re3 Be7 21.Bxe7 Qxe7 22.Rg3 f6
23.h4 Ra7 24.Nb3 Ng6 25.Re3 Rd8 26.Kh2 Nf4 27.Be2 Be8 28.Qg3 Rad7 29.Rf1 Bh5
30.f3 Nd3 31.Bxd3 Rxd3 32.Rxd3 Rxd3 33.Qf2 h6 34.Re1 Rd8 35.Kg1 Be8 36.Kf1 Kf7
37.Qc5 Rd6 38.Ke2 Qd7 39.Qe3 b4 40.c4 Qc7 41.Rc1 Ba4 42.Qc5 Qd7 43.Qxb4 Bxb3
44.Qxb3 Rd2+ 45.Kf1 Qd4 46.Qb6 Qd3+  0-1

[Event "Manila ol (Women)"]
[Site "Manila"]
[Date "1992.??.??"]
[Round "?"]
[White "Giaidzi, Aspasia"]
[Black "Belamaric, Tanja"]
[Result "0-1"]
[WhiteElo "2060"]
[BlackElo "2180"]

1.e4 c5 2.Nf3 d6 3.Bb5+ Nd7 4.d4 Nf6 5.Nc3 cxd4 6.Qxd4 a6 7.Bxd7+ Nxd7 8.Bg5 f6
9.Be3 e6 10.Rd1 Qc7 11.O-O Be7 12.Nd2 b5 13.a3 Rb8 14.f4 O-O 15.Kh1 f5 16.exf5 Rxf5
17.Nde4 b4 18.axb4 d5 19.Ng5 Nf6 20.Na2 h6 21.Nf3 Ng4 22.Ne5 Nxe5 23.fxe5 Qxe5
24.Rxf5 Qxf5 25.Rc1 Bd7 26.Kg1 Bg5 27.Rf1 Qg6 28.Bxg5 Qxg5 29.Qa7 Rd8 30.Qc7 Bb5
31.Qf7+ Kh7 32.Re1 e5 33.Qf2 Bc4 34.Nc3 Qf6 35.Qg3 Rf8 36.Qe3 Qf4  0-1

[Event "Manila ol (Women)"]
[Site "Manila"]
[Date "1992.??.??"]
[Round "?"]
[White "Ankerst, Milka"]
[Black "Brustman, Agnieszka"]
[Result "1-0"]
[WhiteElo "2195"]
[BlackElo "2325"]

1.e4 c5 2.Nf3 d6 3.Bb5+ Nc6 4.d4 cxd4 5.Qxd4 Bd7 6.Bxc6 Bxc6 7.Bg5 Nf6 8.Nc3 e6
9.O-O-O Be7 10.Rhe1 O-O 11.Qd3 Qc7 12.Nd4 Rfc8 13.h4 a6 14.f3 b5 15.f4 b4
16.Nce2 a5 17.Bxf6 Bxf6 18.f5 Be7 19.Nxc6 Qxc6 20.Nd4 Qc7 21.Kb1 a4 22.g4 Ra5
23.g5 e5 24.f6 exd4 25.fxe7 Qxe7 26.Qxd4 Qc7 27.Qxd6 Qxc2+ 28.Ka1 g6 29.Qxb4 Rac5
30.a3 Qf2 31.e5 Rc4 32.Qe7 Rf4 33.e6 Rb8 34.Re2 Qb6 35.Red2 fxe6 36.Rd8+ Qxd8
37.Qxd8+ Rf8 38.Qd4 h6 39.gxh6  1-0

[Event "Manila ol (Men)"]
[Site "Manila"]
[Date "1992.??.??"]
[Round "?"]
[White "Zarnicki, Pablo"]
[Black "Petrosian, Arshak B"]
[Result "1/2-1/2"]
[WhiteElo "2385"]
[BlackElo "2470"]

1.e4 c5 2.Nf3 d6 3.Bb5+ Bd7 4.Bxd7+ Qxd7 5.O-O e6 6.c3 Nf6 7.Qe2 Nc6 8.d4 cxd4
9.cxd4 d5 10.e5 Ne4 11.Be3 Be7 12.Ne1 f6 13.f3 Ng5 14.Qd2 O-O 15.exf6 gxf6
16.Nc3 Nf7 17.Bf2 Rfe8 18.Nd3 Bf8 19.Nf4 Nd6 20.Nh5 Qf7 21.g4 Nf5  1/2-1/2

[Event "Manila ol (Men)"]
[Site "Manila"]
[Date "1992.??.??"]
[Round "?"]
[White "Martin del Campo, Roberto"]
[Black "Ricardi, Pablo"]
[Result "1/2-1/2"]
[WhiteElo "2410"]
[BlackElo "2465"]

1.e4 c5 2.Nf3 d6 3.Bb5+ Bd7 4.Bxd7+ Nxd7 5.c4 Ngf6 6.Nc3 e6 7.O-O Be7 8.d4 cxd4
9.Nxd4 O-O 10.b3 a6 11.Bb2 Re8 12.Kh1 Bf8 13.f4 Rc8 14.Qd2 Qa5 15.Nf3 e5
16.fxe5 dxe5 17.a3 Qb6 18.Qc2 Qc6 19.Nd5 Nxd5 20.exd5 Qg6 21.Qe2 b5 22.Rac1 bxc4
23.bxc4 Nc5 24.Nxe5 Bd6 25.Nxg6 Rxe2 26.Be5 Rxe5 27.Nxe5 Bxe5 28.Rb1 f6 29.Rb6 Kf7
30.g3 Ke7 31.Kg2 Kd7 32.Rfb1 Bd6 33.Kf3 h5 34.h3 Be5 35.g4 hxg4+ 36.Kxg4 Bd6
37.Kf5 Rh8 38.Rg1 Rh5+ 39.Kg6 Rxh3 40.Kxg7 Rxa3 41.Kxf6 Rf3+ 42.Kg6 Be7 43.Rh1 a5
44.Rh7 Rf4 45.Rb5 Rxc4 46.Rxa5 Kd6 47.Rxe7 Kxe7 48.Kf5 Kd6 49.Ra1 Rd4 50.Ra8 Rxd5+
51.Kf4 Ne6+ 52.Ke4 Re5+ 53.Kd3 Nc5+ 54.Kd4 Re4+ 55.Kc3 Rh4 56.Rd8+ Ke5 57.Re8+ Ne6
58.Ra8 Kd5 59.Ra1 Rg4 60.Rh1 Rg3+ 61.Kb4 Nf4  1/2-1/2

[Event "Manila ol (Men)"]
[Site "Manila"]
[Date "1992.??.??"]
[Round "?"]
[White "Michel Yunis, Christian D"]
[Black "Koch, Jean Rene"]
[Result "1-0"]
[WhiteElo "2355"]
[BlackElo "2460"]

1.e4 c5 2.Nf3 d6 3.Bb5+ Bd7 4.Bxd7+ Nxd7 5.O-O Ngf6 6.Qe2 e6 7.d4 cxd4 8.Nxd4 Be7
9.c4 O-O 10.Nc3 a6 11.b3 Qc7 12.Bb2 Rfe8 13.Rac1 Bf8 14.Rfd1 b6 15.f3 Qb7
16.Qd2 Rad8 17.Kh1 Ne5 18.Qc2 Ng6 19.a4 h5 20.Nde2 d5 21.cxd5 exd5 22.Nxd5 Nxd5
23.Rxd5 Rxd5 24.exd5 Qxd5 25.Nc3 Qe6 26.h3 Nf4 27.Ne4 Rd8 28.Qc7 Qxb3 29.Qxd8 Qxb2
30.Qd2 Qe5 31.Rc8 Ne6 32.Qc3 Qf4 33.Qc4 Kh7 34.Qd5 g6 35.Qd2 Qf5 36.Ng5+ Nxg5
37.Rxf8 Ne6 38.Rb8 Qe5 39.Rb7 Kg7 40.Rxb6 Qa1+ 41.Kh2 Qxa4 42.Qc3+ Kh7 43.Qf6 Qd7
44.Qe5 a5 45.f4 a4 46.f5 Ng7 47.fxg6+ fxg6 48.Qf6 Qc7+ 49.Qd6 Qc2 50.Rb7 Qe4
51.Ra7 Kh6 52.Qd2+ Kh7 53.Qc3 Qf4+ 54.Kg1 Qf8 55.Rxa4 Qd6 56.Qd4 Qb8 57.Rb4 Qc7
58.Qb2 Qc5+ 59.Kh1 Qf8 60.Rb7 Kh6 61.Qd2+ Kh7 62.Qd4 Kh6 63.Kh2 Kh7  1-0

[Event "Manila ol (Men)"]
[Site "Manila"]
[Date "1992.??.??"]
[Round "?"]
[White "Lhagva, Jambaldoo"]
[Black "Ng Ek Teong"]
[Result "1-0"]
[WhiteElo "2310"]
[BlackElo "2205"]

1.e4 c5 2.Nf3 d6 3.Bb5+ Bd7 4.Bxd7+ Qxd7 5.O-O g6 6.c3 Bg7 7.d4 cxd4 8.cxd4 Nf6
9.Nc3 O-O 10.Qe2 Nc6 11.d5 Nd8 12.Bd2 e6 13.Rac1 a6 14.Qd3 b5 15.dxe6 Nxe6
16.b4 Rad8 17.Nd5 Qb7 18.Rc2 Rd7 19.Rfc1 Re8 20.h3 a5 21.a3 axb4 22.axb4 h5
23.Be3 Nxd5 24.exd5 Nd8 25.Ra2 Rde7 26.Ra5 Qd7 27.Qxb5 Qf5 28.Ra8 Bf6 29.Rd1 g5
30.Qd3 Qd7 31.Bxg5 Bxg5 32.Nxg5 Re1+ 33.Rxe1 Rxe1+ 34.Kh2  1-0

[Event "Manila ol (Men)"]
[Site "Manila"]
[Date "1992.??.??"]
[Round "?"]
[White "Nevednichy, Vladislav"]
[Black "Ribli, Zoltan"]
[Result "1/2-1/2"]
[WhiteElo "2470"]
[BlackElo "2595"]

1.e4 c5 2.Nf3 d6 3.Bb5+ Bd7 4.Bxd7+ Nxd7 5.c4 Ngf6 6.Nc3 Ne5 7.Nxe5 dxe5
8.Qa4+ Nd7 9.d3 e6 10.O-O Be7 11.Be3 h6 12.Qb5 Qc7 13.f4 exf4 14.Bxf4 Bd6
15.e5 Bxe5 16.Bxe5 Qxe5 17.Qxb7 Rb8 18.Qxa7 Rxb2 19.Nb5 Ke7 20.Rae1 Qg5 21.Qb7 Rb8
22.Qf3 Nf6  1/2-1/2

[Event "Manila ol (Men)"]
[Site "Manila"]
[Date "1992.??.??"]
[Round "?"]
[White "Komliakov, Viktor"]
[Black "Koch, Jean Rene"]
[Result "1/2-1/2"]
[WhiteElo "2415"]
[BlackElo "2460"]

1.e4 c5 2.Nf3 d6 3.Bb5+ Nd7 4.O-O Nf6 5.Re1 a6 6.Bf1 e6 7.c3 Be7 8.d4 O-O
9.e5 Nd5 10.c4 Nb4 11.Bf4 dxe5 12.dxe5 Qc7 13.Nc3 Rd8 14.Qe2 Nf8 15.Rad1 Rxd1
16.Rxd1 b6 17.h4 Bb7 18.a3 Nc6 19.Ne4 Ng6 20.Bg3 Ncxe5 21.Nxe5 Nxe5 22.Ng5 f6
23.Nxe6 Qc6 24.Nf4 Re8 25.Nd5 Bf8 26.Qc2 b5 27.b3 bxc4 28.bxc4 Qc8 29.h5 Nc6
30.Bd3 Nd4 31.Bxh7+ Kh8 32.Qg6 Bxd5 33.cxd5 Ne2+ 34.Kh2 Nxg3 35.fxg3 Bd6
36.h6 Re7 37.Re1 Qf8 38.Re6 Rxe6 39.dxe6 gxh6 40.Qe4 c4 41.Kh3  1/2-1/2

[Event "Manila ol (Men)"]
[Site "Manila"]
[Date "1992.??.??"]
[Round "?"]
[White "Khechen, Nabil E"]
[Black "Fufuengmongkolkij, K."]
[Result "1-0"]
[WhiteElo "2230"]
[BlackElo "2205"]

1.e4 c5 2.Nf3 d6 3.Bb5+ Bd7 4.Bxd7+ Nxd7 5.O-O Ngf6 6.Re1 g6 7.c3 Bg7 8.d4 e6
9.Bf4 d5 10.exd5 Nxd5 11.Bd6 Qb6 12.dxc5 Qxb2 13.Qxd5 Qxa1 14.Qxb7  1-0

[Event "Manila ol (Men)"]
[Site "Manila"]
[Date "1992.??.??"]
[Round "?"]
[White "Titov, German"]
[Black "Renet, Olivier"]
[Result "1/2-1/2"]
[WhiteElo "2490"]
[BlackElo "2495"]

1.e4 c5 2.Nf3 d6 3.Bb5+ Bd7 4.Bxd7+ Qxd7 5.c4 Nc6 6.Nc3 g6 7.d4 cxd4 8.Nxd4 Bg7
9.Nde2 Nf6 10.O-O O-O 11.f3 Rfc8 12.Be3 Qd8 13.b3 a6 14.a4 Nd7 15.Kh1 Qa5
16.Rc1 Re8 17.Bd2 Qd8 18.Bg5 Qa5 19.Bh4 Rac8 20.Nd5 Qd8 21.b4 a5 22.c5 dxc5
23.bxc5 Nb4 24.Bf2 Ne5 25.Nxb4 axb4 26.Nd4 Qa5 27.f4 Nc6 28.Nxc6 bxc6 29.e5 Ra8
30.Ra1 Red8 31.Qb3 Rd5 32.Rab1 Qxa4 33.Qxb4 Qxb4 34.Rxb4 f6 35.exf6 Bxf6
36.Rb6 Re8 37.g3 Kf7  1/2-1/2

[Event "Manila ol (Men)"]
[Site "Manila"]
[Date "1992.??.??"]
[Round "?"]
[White "Titov, German"]
[Black "Ernst, Thomas"]
[Result "1/2-1/2"]
[WhiteElo "2490"]
[BlackElo "2535"]

1.e4 c5 2.Nf3 d6 3.Bb5+ Nc6 4.Bxc6+ bxc6 5.O-O e5 6.c3 Nf6 7.Re1 Be7 8.d4 cxd4
9.cxd4 exd4 10.Nxd4 Bd7 11.Nc3 O-O 12.Bf4 Re8 13.Qd2 Nh5 14.Be3 Nf6 15.f3 Kh8
16.Rad1 d5 17.exd5 cxd5 18.Nde2 Bb4 19.Nf4 Ba4 20.b3 Bc6 21.Bd4 Rxe1+ 22.Rxe1 Bd6
23.Nd3 Nd7 24.Qh6 f6 25.Qe3 Qc7 26.f4 a5 27.Rc1 Qd8 28.Nc5 Nxc5 29.Bxc5 d4
30.Bxd4 Qd7 31.Qf2 Re8 32.Ne2 Bb8 33.Nc3 Qg4 34.h3 Qg6 35.Ne2 Bb7 36.Bb6 Qe4
37.Ng3 Qxf4 38.Qxf4 Bxf4 39.Rc3 Be5 40.Rd3 Ba6 41.Rf3 Rc8 42.Nf1 Rc1 43.g4 Kg8
44.Rf2 Rc6 45.Ba7 Rc3 46.Ne3 Rc1+ 47.Nf1 Kf7 48.Kg2 Ke6 49.Nd2 Bb7+ 50.Nf3 Rc3
51.Bb6 a4 52.bxa4 g6 53.a5 h5 54.a6 Ba8 55.gxh5 gxh5 56.Ba5 Ra3 57.Bb4 Bxf3+
58.Rxf3 Rxa2+ 59.Rf2 Rxa6 60.Bd2 Kd5 61.Bh6 Ra3 62.Rf3 Ra6 63.Rd3+ Ke4 64.Re3+ Kd4
65.Kf3 Ra1 66.Re4+ Kd5 67.Rh4 f5 68.Be3 Ra3 69.Ke2 Bf6 70.Rb4 Be7 71.Rd4+ Ke5
72.Rd3 Ra4 73.Kf3 Rh4 74.Kg3 Rc4 75.Kf3 Bc5 76.Bxc5 Rxc5 77.Ra3 f4 78.Rb3 Kf5
79.h4 Re5 80.Ra3  1/2-1/2

[Event "Mar del Plata op"]
[Site "Mar del Plata"]
[Date "1992.??.??"]
[Round "3"]
[White "Tempone, Marcelo"]
[Black "Bertona, Fernando"]
[Result "1/2-1/2"]
[WhiteElo "2455"]
[BlackElo "2325"]

1.e4 c5 2.Nf3 d6 3.Bb5+ Nd7 4.O-O Nf6 5.Nc3 e6 6.Re1 Be7 7.d4 cxd4 8.Nxd4 O-O
9.Be3 Nc5 10.f3 Qc7 11.Bf1 a6 12.Bf2 b5 13.a3  1/2-1/2

[Event "Melitopol Cup (Women)"]
[Site "Melitopol"]
[Date "1992.??.??"]
[Round "5"]
[White "Kovalevskaya, Ekaterina"]
[Black "Nepeina Leconte, Maria"]
[Result "1-0"]
[WhiteElo "2260"]
[BlackElo "2245"]

1.e4 c5 2.Nf3 d6 3.Bb5+ Bd7 4.Bxd7+ Nxd7 5.O-O Ngf6 6.Qe2 e6 7.c3 Be7 8.d3 O-O
9.h3 Qc7 10.Bf4 Rfe8 11.Nbd2 Bf8 12.Rfe1 Rad8 13.Bh2 e5 14.Nc4 g6 15.a4 Nh5
16.Qd2 Re6 17.b3 Bg7 18.Rac1 Nb6 19.Ne3 Bh6 20.a5 Nc8 21.b4 b6 22.Qa2 Bxe3
23.fxe3 Nf6 24.Ng5 Ree8 25.Rf1 Qe7 26.Rf3 h6 27.Rcf1 hxg5 28.Rxf6 Rf8 29.Rxg6+ Kh7
30.Rgf6 Kg7 31.Qf2 Qd7 32.Qg3 g4 33.R6f5 Ne7 34.Qxg4+ Ng6 35.h4  1-0

[Event "Moscow4"]
[Site "Moscow"]
[Date "1992.??.??"]
[Round "?"]
[White "Zaitsev, Igor A"]
[Black "Yuferov, Sergey  N"]
[Result "1-0"]
[WhiteElo "2425"]
[BlackElo "2440"]

1.e4 c5 2.Nf3 d6 3.Bb5+ Bd7 4.Bxd7+ Nxd7 5.O-O Ngf6 6.Re1 e6 7.c3 Be7 8.d4 cxd4
9.cxd4 d5 10.e5 Ne4 11.Nbd2 Nxd2 12.Bxd2 O-O 13.Rc1 a5 14.Re3 a4 15.Rec3 Nb6
16.Rc7 Ra7 17.Be3 Qe8 18.Qd3 Nc4 19.Bg5 Bd8 20.Rc8 Qd7 21.Rxd8 Rxd8 22.Bxd8 Qxd8
23.b3 axb3 24.axb3 Nb6 25.Qb5 h6 26.h4 Nd7 27.h5 Nf8 28.g3 Ra6 29.Kg2 Ra7
30.Rc2 Nh7 31.Qc5 Ra6 32.Qb5 Ra7 33.Qc5 Ra6 34.Qc8 Qxc8 35.Rxc8+ Nf8 36.Nh4 Rb6
37.f4 Rxb3 38.f5 Rb6 39.g4 Rb2+ 40.Kg3 Rb3+ 41.Kf2 Rb2+ 42.Ke3 Rb3+ 43.Kd2 Rb6
44.Rb8 Rc6 45.Ng2 g5 46.hxg6 fxg6 47.fxe6  1-0

[Event "Moscow Tal mem"]
[Site "Moscow"]
[Date "1992.??.??"]
[Round "?"]
[White "Kuzmin, Gennadi P"]
[Black "Sokolov, Andrei"]
[Result "1/2-1/2"]
[WhiteElo "2530"]
[BlackElo "2605"]

1.e4 c5 2.Nf3 d6 3.Bb5+ Bd7 4.Bxd7+ Qxd7 5.O-O Nc6 6.Re1 e6 7.b3 Nf6 8.Bb2 Be7
9.d3 O-O 10.Nbd2 d5 11.e5 Ne8 12.Nf1 f5 13.exf6 Bxf6 14.c3 Nd6 15.Ng3 Rae8
16.d4 cxd4 17.cxd4 Nf5 18.Qd2 Nh4 19.Ne5 Nxe5 20.dxe5 Be7 21.Bd4 a6 22.Qd1 Nf5
23.Nxf5 Rxf5 24.Rc1 Rff8 25.Qg4 Rc8 26.h4 Rxc1 27.Rxc1 Rc8 28.Rxc8+ Qxc8
29.h5 Qc1+ 30.Kh2 Kf7 31.Qf3+ Kg8 32.Qg4 Kf7 33.Qf3+ Kg8  1/2-1/2

[Event "Alekhine op"]
[Site "Moscow"]
[Date "1992.??.??"]
[Round "?"]
[White "Zaitsev, Igor A"]
[Black "Shneider, Aleksandr"]
[Result "1/2-1/2"]
[WhiteElo "2445"]
[BlackElo "2545"]

1.e4 c5 2.Nf3 d6 3.Bb5+ Bd7 4.Bxd7+ Qxd7 5.O-O e6 6.c3 Nf6 7.Re1 Nc6 8.d4 cxd4
9.cxd4 d5 10.e5 Ne4 11.Nbd2 Nxd2 12.Bxd2 Be7 13.Rc1 O-O 14.Rc3 Rac8 15.a3 Nb8
16.Rd3 Qd8 17.h4 Qc7 18.Bc3 h6 19.Nh2 Bxh4 20.Qh5 Bg5 21.Ng4 Qd8 22.Bb4 g6
23.Nxh6+ Kh7 24.Qh2 Bxh6 25.Bd2 Rh8 26.Bxh6 Kg8 27.Qf4 Qb6 28.Bg5 Nd7 29.Rc1 Rc6
30.Rxc6 bxc6 31.b4 a5 32.Bf6 Nxf6 33.exf6 axb4 34.Rh3  1/2-1/2

[Event "New York op"]
[Site "New York"]
[Date "1992.??.??"]
[Round "4"]
[White "Moulin, Pierre"]
[Black "Olafsson, Helgi"]
[Result "1/2-1/2"]
[WhiteElo "2280"]
[BlackElo "2525"]

1.e4 c5 2.Nf3 d6 3.Bb5+ Nc6 4.O-O Bd7 5.Re1 Nf6 6.c3 a6 7.Bf1 Bg4 8.d3 g6
9.Nbd2 Bg7 10.h3 Bd7 11.d4 cxd4 12.cxd4 O-O 13.d5 Na7 14.a4 Be8 15.Nc4  1/2-1/2

[Event "Oberwart op"]
[Site "Oberwart"]
[Date "1992.??.??"]
[Round "7"]
[White "Schwab, Rene"]
[Black "Neumeier, Klaus"]
[Result "0-1"]
[WhiteElo "2260"]
[BlackElo "2300"]

1.e4 c5 2.Nf3 d6 3.Bb5+ Bd7 4.a4 Nc6 5.O-O Nf6 6.Re1 g6 7.c3 a6 8.Bf1 Bh6
9.d3 Bxc1 10.Qxc1 O-O 11.h3 Kg7 12.Nbd2 Rc8 13.Nc4 b5 14.Ne3 Ne5 15.Nh4 e6
16.f4 Nc6 17.g3 Nh5 18.Kh2 Nxf4 19.Ng4 e5 20.Nf3 Bxg4 21.hxg4 Ne6 22.axb5 axb5
23.g5 Rh8 24.Bh3 Qe7 25.Kg2 h6 26.Rf1 Rcf8 27.Bxe6 Qxe6 28.Ra6 Nd8 29.Ra7 hxg5
30.Nxg5 Qg4 31.Qe3 Rh5 32.Nf3 Rfh8 33.d4 Rh3 34.Qe1 d5 35.exd5 e4 36.Nd2 Rh2+
37.Kg1 Qh3 38.Rfxf7+ Nxf7 39.Qxe4 Qxg3+ 40.Kf1 Qf2+  0-1

[Event "RUS-ch"]
[Site "Orel"]
[Date "1992.??.??"]
[Round "?"]
[White "Kalegin, Evgenij"]
[Black "Isupov, Vladimir"]
[Result "1/2-1/2"]
[WhiteElo "2370"]
[BlackElo "2235"]

1.e4 c5 2.Nf3 d6 3.Bb5+ Bd7 4.Bxd7+ Nxd7 5.O-O Ngf6 6.Qe2 e6 7.c3 Be7 8.d4 cxd4
9.cxd4 O-O 10.Nc3 d5 11.e5 Ne8 12.Rd1 Nb8 13.Rd3 Nc6 14.Ne1 Qd7 15.Qh5 g6
16.Qh6 f6 17.Rh3 Bd8 18.Nf3  1/2-1/2

[Event "RUS-ch"]
[Site "Orel"]
[Date "1992.??.??"]
[Round "?"]
[White "Polovodin, Igor A"]
[Black "Suchorukow, Andrei"]
[Result "0-1"]
[WhiteElo "2460"]
[BlackElo "2300"]

1.e4 c5 2.Nf3 d6 3.Bb5+ Bd7 4.Bxd7+ Qxd7 5.O-O Nc6 6.c3 Nf6 7.Re1 e6 8.d4 cxd4
9.cxd4 d5 10.e5 Ne4 11.Nbd2 Nxd2 12.Bxd2 Be7 13.Rc1 O-O 14.Bg5 Rfc8 15.Bxe7 Nxe7
16.Re3 Rxc1 17.Qxc1 Rc8 18.Rc3 Rxc3 19.Qxc3 Qa4 20.g3 Nc6 21.a3 h6 22.h4 Qd1+
23.Kg2 Qb1 24.Nd2 Qd1 25.b4 Qa4 26.Nf3 Qb5 27.h5 Qe2 28.g4 a6 29.Kg3 Qe4
30.a4 Qb1 31.b5 axb5 32.axb5 Qxb5 33.Qa3 Qa5 34.Qe3 Qd8 35.Qb3 Qc7 36.Kg2 Qe7
37.Qa4 Qd8 38.Qb5 Qe7 39.Qa4 Qc7 40.g5 Qd8 41.gxh6 gxh6 42.Qb3 Qe7 43.Qe3 Kg7
44.Qb3 Qb4 45.Qe3 Qb1 46.Qf4 Qe4 47.Qxe4 dxe4 48.Nd2 Nxd4 49.Nxe4 b5 50.f4 b4
51.Nc5 b3 52.Nd3 Kf8 53.Kf2 Nf5  0-1

[Event "Orel"]
[Site "Orel"]
[Date "1992.??.??"]
[Round "?"]
[White "Shabanov, Yuri"]
[Black "Berkovich, Dmitry"]
[Result "1/2-1/2"]
[WhiteElo "2410"]
[BlackElo "2445"]

1.e4 c5 2.Nf3 d6 3.Bb5+ Bd7 4.Bxd7+ Qxd7 5.O-O Nc6 6.c4 g6 7.d4 cxd4 8.Nxd4 Bg7
9.Nc2 Qe6 10.Nd2 Nf6 11.Re1 Nd7 12.Ne3 Nc5 13.Nd5 Qd7 14.Nf3 O-O 15.Rb1 e6
16.Nf4 a5 17.Nd3 Nxd3 18.Qxd3 Nb4 19.Qb3 Rfc8 20.Bf4 d5 21.cxd5  1/2-1/2

[Event "RUS-ch sf"]
[Site "Orel"]
[Date "1992.??.??"]
[Round "?"]
[White "Timofeev, Vladimir F"]
[Black "Petrushin, Alexander I"]
[Result "1-0"]
[WhiteElo "2290"]
[BlackElo "2380"]

1.e4 c5 2.Nf3 d6 3.Bb5+ Bd7 4.Bxd7+ Nxd7 5.O-O Ngf6 6.Re1 e6 7.d4 cxd4 8.Qxd4 Be7
9.c4 O-O 10.Nc3 Ng4 11.h3 Nge5 12.Nxe5 Nxe5 13.b3 a6 14.Bf4 Bf6 15.Qd2 Qa5
16.Nd5 Qxd2 17.Nxf6+ gxf6 18.Bxd2 b5 19.cxb5 axb5 20.Bh6 Rfc8 21.Re3 Rc5
22.b4 Rc4 23.a3 d5 24.f4 d4 25.Rg3+ Ng6 26.f5 Rxb4 27.Rd1 Rc4 28.Bd2 e5 29.Kf1 Kf8
30.fxg6 fxg6 31.Rf3 Ke7 32.Rb1 Rb8 33.Ke2 Rc2 34.Kd3 Ra2 35.Bb4+ Ke6 36.Rbf1 f5
37.exf5+ Kd5 38.Re1 Ra8 39.fxg6 hxg6 40.h4 R8xa3+ 41.Bxa3 Rxa3+  1-0

[Event "Oslo"]
[Site "Oslo"]
[Date "1992.??.??"]
[Round "7"]
[White "Djurhuus, Rune"]
[Black "Greenfeld, Alon"]
[Result "1/2-1/2"]
[WhiteElo "2420"]
[BlackElo "2520"]

1.e4 c5 2.Nf3 d6 3.Bb5+ Bd7 4.Bxd7+ Qxd7 5.O-O Nc6 6.c4 Nf6 7.Nc3 g6 8.d4 cxd4
9.Nxd4 Bg7 10.Nc2 O-O 11.Ne3 Rfc8 12.Qd2 Rab8 13.f3 a6 14.b3 b5 15.cxb5 axb5
16.Bb2 e6 17.Kh1 Qa7 18.Ncd1 Rd8 19.Rc1 Rb6 20.Rc2 Ra6 21.a3 h5 22.Qd3 Qb8
23.Nc3 Rb6 24.b4 Ne5 25.Qe2 d5 26.exd5 exd5 27.f4 Nc6 28.Nxb5 d4 29.Rxc6 Rxc6
30.Nxd4 Rcd6 31.Nf3 Qa7 32.Nc4 Re6 33.Nce5 Ng4 34.h3 Nxe5 35.fxe5 Bh6 36.Qc4 Be3
37.b5 Re7 38.a4 Qc5 39.Qxc5 Bxc5 40.a5 Rd3 41.b6 Red7 42.Rc1 Rd1+ 43.Rxd1 Rxd1+
44.Kh2 Rd3 45.Bd4 Rxd4 46.Nxd4 Bxd4 47.g3 Kf8 48.Kg2 Ke7 49.Kf3 Ke6 50.Ke4 Bc5
51.h4 Bf2 52.Kf4 Kd5 53.b7 Ba7 54.a6 Bb8 55.Kg5 Kxe5 56.Kh6 Ke6 57.Kg7 Ke7
58.Kg8 Ke8 59.Kg7 Be5+ 60.Kg8 Bb8 61.Kg7 Ke7 62.Kg8 Ba7 63.Kg7  1/2-1/2

[Event "Ostrava op"]
[Site "Ostrava"]
[Date "1992.??.??"]
[Round "6"]
[White "Berezjuk, Sergej"]
[Black "Golubev, Mihail"]
[Result "1/2-1/2"]
[WhiteElo "2380"]
[BlackElo "2465"]

1.e4 c5 2.Nf3 d6 3.Bb5+ Bd7 4.Bxd7+ Qxd7 5.c4 Nc6 6.Nc3 g6 7.d4 cxd4 8.Nxd4 Bg7
9.Be3 Nf6 10.f3 O-O 11.O-O e6 12.Qd2 Rfd8 13.Rac1 Rac8 14.b3 d5 15.Nxc6 bxc6
16.cxd5 exd5 17.exd5 Nxd5 18.Nxd5 Qxd5 19.Qxd5 cxd5 20.Rxc8 Rxc8 21.Bxa7 Ra8
22.Bc5 Rxa2 23.Rd1 Rc2 24.b4 Bf8 25.Rxd5 Bxc5+ 26.Rxc5 Rb2 27.Rc4 h5 28.h4 Kg7
29.Rf4 Rc2 30.Kh2 Rb2 31.Kh3 Rb3 32.g4 hxg4+ 33.Kxg4 Kh6 34.Rd4 f6 35.Rf4 Rb1
36.Rc4 Rb3 37.Kg3 Rb2 38.Kf4 Kh5 39.Kg3 Kh6 40.Kf4 Kh5 41.Ke3 Rb3+ 42.Ke2 Ra3
43.Rf4 g5 44.hxg5 fxg5 45.Rf8 Rb3 46.Rh8+ Kg6 47.Rb8 Kf5 48.Rf8+ Kg6 49.Rb8 Kf5
50.Kf2 Kf4 51.Rf8+ Ke5 52.Re8+ Kf5 53.Re4 Kg6 54.Re6+ Kf5 55.Re4 Kg6 56.Rc4 Kh5
57.Ke2 Kg6 58.Rc6+ Kf5 59.Rc5+ Kf4 60.Rc4+ Kf5 61.Rg4 Ra3 62.Kf2 Rb3 63.Kg3 Kg6
64.Rc4 Kh5 65.Kf2 Kg6 66.Ke2 Kf5 67.Kf2 Kg6 68.Rc6+ Kh5 69.Rb6 g4 70.fxg4+ Kxg4
71.Ke2 Kf4 72.Kd2 Ke5 73.Kc2 Rh3 74.Rc6 Kd5 75.b5 Ra3  1/2-1/2

[Event "Pamplona"]
[Site "Pamplona"]
[Date "1992.??.??"]
[Round "7"]
[White "Garcia Ilundain, David"]
[Black "Romero Holmes, Alfonso"]
[Result "1/2-1/2"]
[WhiteElo "2435"]
[BlackElo "2470"]

1.e4 c5 2.Nf3 d6 3.Bb5+ Bd7 4.Bxd7+ Qxd7 5.O-O Nc6 6.c3 Nf6 7.Re1 e6 8.d4 cxd4
9.cxd4 d5 10.e5 Ne4 11.Nbd2 Nxd2 12.Bxd2 Be7 13.Bg5 Bxg5 14.Nxg5 h6 15.Nf3 O-O
16.Qd2 Rac8 17.Rac1 Ne7 18.h3 Rxc1 19.Rxc1 Rc8  1/2-1/2

[Event "Paris-ch"]
[Site "Paris"]
[Date "1992.??.??"]
[Round "2"]
[White "Belkhodja, Slim"]
[Black "Giaccomazzi, Dominique"]
[Result "1-0"]
[WhiteElo "2395"]
[BlackElo "2245"]

1.e4 c5 2.Nf3 d6 3.Bb5+ Bd7 4.Bxd7+ Qxd7 5.c4 Nc6 6.d4 cxd4 7.Nxd4 Nf6 8.Nc3 g6
9.f3 Bg7 10.Be3 O-O 11.O-O Nxd4 12.Bxd4 Rfc8 13.b3 Nh5 14.Bxg7 Nxg7 15.f4 Qd8
16.f5 Ne8 17.Qd4 e6 18.fxe6 fxe6 19.e5 Qb6 20.Qxb6 axb6 21.exd6 Nxd6 22.Rae1 b5
23.Rxe6 Nf5 24.g4 bxc4 25.Ne4 cxb3 26.axb3 Ng7 27.Re7 Ne8 28.Kg2 h6 29.Rxb7 Rab8
30.Rbf7 Rc2+ 31.Kg1 Nc7 32.Re7 Ne8 33.Re1 Kf8 34.Rh7 Rc7 35.Rf1+ Kg8 36.Nf6+ Kf8
37.Nxe8+  1-0